[Event "60. BEM 2006"]
[Site "Dortmund"]
[Date "2006.03.13"]
[Round "4.31"]
[White "Schoppe, Hans-Werner"]
[Black "Mueller, Siegfried"]
[Result "0-1"]
[WhiteElo "1267"]
[BlackElo "1555"]
[PlyCount "114"]
[EventDate "2006.??.??"]
[Source "SG Dortmund"]
[SourceDate "2004.12.16"]

1. Nf3 Nf6 2. b3 g6 3. Bb2 Bg7 4. e3 c5 5. d3 d6 6. Be2 O-O 7. O-O Na6 8. Nbd2
Nc7 9. h3 Bd7 10. Nh2 b5 11. c3 a5 12. c4 b4 13. Bf3 Ra7 14. Qc2 a4 15. bxa4
Bxa4 16. Nb3 Ne6 17. a3 Qb8 18. Rfb1 Ng5 19. Be2 Rb7 20. axb4 Rxb4 21. Bxf6
Bxb3 22. Rxb3 Bxf6 23. Rab1 Rxb3 24. Rxb3 Qa7 25. Qb1 Ra8 26. Ng4 Bg7 27. h4
Ne6 28. Bf3 Re8 29. Rb6 Rc8 30. Rb7 Qa1 31. Qxa1 Bxa1 32. Bd5 Rc7 33. Rb8+ Kg7
34. Bxe6 fxe6 35. g3 h5 36. Nh2 Ra7 37. Nf3 Ra3 38. d4 cxd4 39. Ng5 d3 40. Rb1
d2 41. Ne4 Bc3 42. Kf1 d5 43. cxd5 exd5 44. Nxc3 Rxc3 45. Rd1 Rc1 46. Ke2 Rxd1
47. Kxd1 e5 48. Kxd2 e4 49. Kc3 Kf6 50. Kd4 Ke6 51. Kc5 Ke5 52. Kc6 d4 53.
exd4+ Kxd4 54. Kb5 e3 55. fxe3+ Kxe3 56. Kc4 Kf3 57. Kd4 Kxg3 0-1

[Event "60. BEM 2006"]
[Site "Dortmund"]
[Date "2006.03.13"]
[Round "4.32"]
[White "Müller, Michaela"]
[Black "Stiebel, Erhard"]
[Result "0-1"]
[WhiteElo "1098"]
[BlackElo "1548"]
[PlyCount "92"]
[EventDate "2006.??.??"]
[Source "SG Dortmund"]
[SourceDate "2004.12.16"]

1. d4 d5 2. Nc3 Nf6 3. e4 dxe4 4. f3 exf3 5. Nxf3 Bg4 6. h3 Bh5 7. g4 Bg6 8.
Bd3 Nd5 9. Ne5 Nxc3 10. bxc3 Bxd3 11. cxd3 Qd5 12. O-O f6 13. Nc4 Na6 14. Ne3
Qd7 15. Qf3 O-O-O 16. Rb1 c6 17. Nc4 Qd5 18. Qf5+ e6 19. Qf2 Be7 20. Qb2 Rd7
21. Bf4 e5 22. Ne3 Qe6 23. dxe5 fxe5 24. Bh2 Bc5 25. Rfe1 Qh6 26. Qe2 Qxh3 27.
Bxe5 Bxe3+ 28. Qxe3 Qxg4+ 29. Kh1 Qh5+ 30. Bh2 Qd5+ 31. Qe4 Qxd3 32. Qxd3 Rxd3
33. Re7 Rd7 34. Rbe1 Kd8 35. R7e5 Nc7 36. Bg1 b6 37. a4 Re8 38. Kg2 Rxe5 39.
Rxe5 c5 40. c4 Re7 41. Rh5 g6 42. Rh3 Ne8 43. Be3 Kc8 44. Bg5 Rd7 45. Re3 Nd6
46. Rc3 Ne4 0-1

[Event "60. BEM 2006"]
[Site "Dortmund"]
[Date "2006.03.13"]
[Round "4.33"]
[White "Hansen, Jochen"]
[Black "Grawe, Herbert"]
[Result "0-1"]
[WhiteElo "1232"]
[BlackElo "1477"]
[PlyCount "70"]
[EventDate "2006.??.??"]
[Source "SG Dortmund"]
[SourceDate "2004.12.16"]

1. e4 Nc6 2. Nf3 e5 3. d4 exd4 4. Nxd4 Bc5 5. Be3 Qf6 6. c3 a6 7. Bc4 Ne5 8.
Bb3 d6 9. h3 Qg6 10. Rg1 Bxh3 11. Kf1 Bd7 12. Nd2 Nf6 13. Bc2 Bg4 14. f3 Bd7
15. Qe1 Nh5 16. Qh4 O-O 17. f4 Ng4 18. Nc4 Nxe3+ 19. Nxe3 Ng3+ 20. Ke1 Nxe4 21.
f5 Qg3+ 22. Qxg3 Nxg3 23. Kf2 Nh5 24. g4 Nf6 25. g5 Nh5 26. Rh1 g6 27. Bd1 Ng7
28. Bg4 Rae8 29. Rh6 Rxe3 30. Rah1 Rfe8 31. f6 Bxg4 32. fxg7 Rf3+ 33. Kg2 Bxd4
34. cxd4 Re2+ 35. Kg1 Re1+ 0-1

[Event "60. BEM 2006"]
[Site "Dortmund"]
[Date "2006.03.13"]
[Round "4.34"]
[White "Wilms, Christoph"]
[Black "Krüger, Inge"]
[Result "1/2-1/2"]
[WhiteElo "1526"]
[BlackElo "1351"]
[PlyCount "93"]
[EventDate "2006.??.??"]
[Source "SG Dortmund"]
[SourceDate "2004.12.16"]

1. d4 d5 2. c4 e6 3. Nc3 Nf6 4. Bg5 Nbd7 5. Nf3 Be7 6. e3 O-O 7. cxd5 exd5 8.
a3 h6 9. Bh4 c6 10. Bd3 Re8 11. O-O Nf8 12. Qc2 Ne4 13. Bxe7 Qxe7 14. b4 Nxc3
15. Qxc3 Bg4 16. Ne5 Be6 17. Rac1 Rac8 18. Qb2 Rc7 19. Bb1 f5 20. Qc2 Rec8 21.
Qa4 a6 22. Rc3 Qe8 23. Qc2 b6 24. Rc1 Ng6 25. Rxc6 Rxc6 26. Nxc6 Kf8 27. Qa4
Ne7 28. Qxa6 Rxc6 29. Rxc6 Qxc6 30. Bd3 Bc8 31. Qa7 Qc1+ 32. Bf1 b5 33. Qa5 Kf7
34. Qxb5 Qxa3 35. g3 Qa7 36. Qc5 Qxc5 37. dxc5 Nc6 38. b5 Ne5 39. Be2 Ke7 40.
Kf1 Kd7 41. Ke1 Kc7 42. Kd2 Nd7 43. c6 Nc5 44. f3 Be6 45. Kc3 Kb6 46. Kb4 Bf7
47. h3 1/2-1/2

[Event "60. BEM 2006"]
[Site "Dortmund"]
[Date "2006.03.14"]
[Round "5.1"]
[White "Zimmermann, Dirk"]
[Black "Tkachuk, Konstantyn"]
[Result "1/2-1/2"]
[WhiteElo "2006"]
[BlackElo "1927"]
[PlyCount "89"]
[EventDate "2006.??.??"]
[Source "SG Dortmund"]
[SourceDate "2004.12.16"]

1. e4 c5 2. Nf3 d6 3. d3 g6 4. g3 Bg7 5. Bg2 Nc6 6. O-O e6 7. Nbd2 Nge7 8. a4
O-O 9. Re1 a6 10. c3 Rb8 11. Nf1 b5 12. axb5 axb5 13. d4 Qb6 14. Be3 b4 15.
dxc5 dxc5 16. cxb4 Qxb4 17. Rc1 Nd4 18. Bd2 Qb5 19. Nxd4 cxd4 20. b4 e5 21. Rc5
Qb6 22. Qa4 Be6 23. Rec1 Rfc8 24. h3 f6 25. Nh2 Bf8 26. Rxc8 Bxc8 27. Bf1 Bb7
28. Bd3 Kg7 29. b5 Ra8 30. Qd1 Nc8 31. Ng4 Nd6 32. Bh6+ Kh8 33. Bxf8 Rxf8 34.
f3 h5 35. Nf2 Rc8 36. Rxc8+ Bxc8 37. Qb3 Bd7 38. f4 Nxb5 39. fxe5 fxe5 40. Qd5
Qd6 41. Qa8+ Kg7 42. Bc4 Qe7 43. Qg8+ Kf6 44. Qh8+ Qg7 45. Qd8+ 1/2-1/2

[Event "60. BEM 2006"]
[Site "Dortmund"]
[Date "2006.03.14"]
[Round "5.2"]
[White "Tkachuk, Sergiy"]
[Black "Eismont, Igor"]
[Result "1/2-1/2"]
[WhiteElo "2068"]
[BlackElo "2239"]
[PlyCount "37"]
[EventDate "2006.??.??"]
[Source "SG Dortmund"]
[SourceDate "2004.12.16"]

1. e4 c6 2. d4 d5 3. e5 Bf5 4. g4 Bd7 5. c4 e6 6. Nc3 dxc4 7. Bxc4 Ne7 8. Nge2
Nd5 9. Ng3 b5 10. Be2 a5 11. O-O Na6 12. Nxd5 cxd5 13. f4 Qb6 14. Be3 Nb4 15.
a3 Nc6 16. Qd2 Be7 17. f5 g6 18. Rac1 a4 19. fxe6 1/2-1/2

[Event "60. BEM 2006"]
[Site "Dortmund"]
[Date "2006.03.14"]
[Round "5.3"]
[White "Begna, Bozidar"]
[Black "Ziperstein, Jakob"]
[Result "1-0"]
[WhiteElo "2002"]
[BlackElo "1838"]
[PlyCount "93"]
[EventDate "2006.??.??"]
[Source "SG Dortmund"]
[SourceDate "2004.12.16"]

1. e4 g6 2. d4 Bg7 3. Bc4 d6 4. Nc3 Nf6 5. Qe2 a6 6. e5 dxe5 7. dxe5 Ng8 8. Nf3
b5 9. Bxf7+ Kxf7 10. Ng5+ Ke8 11. Qf3 Bf5 12. Qxa8 Bxe5 13. Be3 c6 14. Nf3 Bd6
15. Nd4 Bd7 16. Ne4 Bc7 17. O-O-O Qc8 18. Nc5 Nf6 19. Nxd7 Qxd7 20. Nxb5 Nd5
21. Nxc7+ Qxc7 22. Qa7 Qxa7 23. Bxa7 Kf7 24. c4 Nf6 25. Rhe1 Nbd7 26. Bd4 Rb8
27. Rd3 Rb4 28. b3 Rb7 29. Rde3 Ng8 30. Re6 Rc7 31. h3 Nf8 32. R6e5 Rc8 33. Ra5
Ra8 34. Kc2 Ne6 35. Be3 Nf6 36. g4 Nd7 37. f4 Nd8 38. f5 Nb7 39. fxg6+ hxg6 40.
Rg5 Rh8 41. Rf1+ Nf6 42. Rf3 Rd8 43. Re5 g5 44. Bxg5 Rd7 45. Bxf6 exf6 46. g5
Rd6 47. Ref5 1-0

[Event "60. BEM 2006"]
[Site "Dortmund"]
[Date "2006.03.14"]
[Round "5.4"]
[White "Goldschmidt, Christian"]
[Black "Hoppe, Dirk"]
[Result "1-0"]
[WhiteElo "2085"]
[BlackElo "1861"]
[PlyCount "61"]
[EventDate "2006.??.??"]
[Source "SG Dortmund"]
[SourceDate "2004.12.16"]

1. e4 e6 2. d3 d5 3. Nd2 c5 4. Ngf3 Nc6 5. g3 Nf6 6. Bg2 Be7 7. O-O Qc7 8. Re1
b6 9. h4 Bb7 10. e5 Nd7 11. Qe2 O-O-O 12. c4 h6 13. h5 Kb8 14. a3 g6 15. hxg6
fxg6 16. b4 g5 17. cxd5 exd5 18. Bb2 g4 19. Nh4 Bxh4 20. gxh4 d4 21. bxc5 bxc5
22. Nc4 Rde8 23. Bc1 Nb6 24. Bf4 Nxc4 25. dxc4 h5 26. Rab1 Kc8 27. Bg3 Re6 28.
Bd5 Rhe8 29. Qc2 Nxe5 30. Rxe5 Bxd5 31. Rxe6 1-0

[Event "60. BEM 2006"]
[Site "Dortmund"]
[Date "2006.03.14"]
[Round "5.5"]
[White "Naundorf, Maik"]
[Black "Iwannek, Ralf"]
[Result "1/2-1/2"]
[WhiteElo "2061"]
[BlackElo "1808"]
[PlyCount "110"]
[EventDate "2006.??.??"]
[Source "SG Dortmund"]
[SourceDate "2004.12.16"]

1. Nf3 Nc6 2. d4 d5 3. c4 e6 4. Nc3 Bb4 5. Bf4 Nge7 6. e3 Ng6 7. Bg3 O-O 8. Rc1
Nce7 9. a3 Bxc3+ 10. Rxc3 c6 11. Bd3 Re8 12. O-O Kh8 13. h3 f5 14. c5 Ng8 15.
h4 Nh6 16. h5 Ne7 17. Ne5 Neg8 18. f4 Rf8 19. b4 Nf7 20. Qe1 Qe8 21. Qd1 Nf6
22. Bh4 Nxe5 23. fxe5 Ng4 24. Be2 Qxh5 25. Bg3 Bd7 26. Rf4 g5 27. Bxg4 fxg4 28.
Rf6 Rxf6 29. exf6 Kg8 30. Bd6 Kf7 31. Be5 Qg6 32. Qxg4 h5 33. Qe2 h4 34. e4
Qxe4 35. Qxe4 dxe4 36. Kf2 a5 37. bxa5 Rxa5 38. Rb3 Rb5 39. Rb4 Rxb4 40. axb4
Kg6 41. Ke3 Be8 42. Kxe4 Bf7 43. Bc7 Kxf6 44. Bd8+ Kg6 45. Ke5 Bg8 46. Kd6 Kf5
47. Kc7 e5 48. dxe5 Kxe5 49. Bxg5 Bd5 50. Bxh4 Bxg2 51. Kxb7 Ke6 52. Kb6 Kd7
53. b5 cxb5 54. Kxb5 Bd5 55. c6+ Bxc6+ 1/2-1/2

[Event "60. BEM 2006"]
[Site "Dortmund"]
[Date "2006.03.14"]
[Round "5.6"]
[White "Hardt, Helmut"]
[Black "Zelt, Jens"]
[Result "0-1"]
[WhiteElo "1861"]
[BlackElo "2036"]
[PlyCount "110"]
[EventDate "2006.??.??"]
[Source "SG Dortmund"]
[SourceDate "2004.12.16"]

1. e4 c6 2. Nf3 d5 3. exd5 cxd5 4. Bb5+ Bd7 5. Qe2 Nc6 6. c3 Nf6 7. O-O e6 8.
d4 Be7 9. Bg5 h6 10. Bh4 Ne4 11. Bxe7 Qxe7 12. Nbd2 Nd6 13. Bd3 a5 14. Rfe1 O-O
15. Nf1 b5 16. Ne3 Rfe8 17. Ng4 b4 18. Nfe5 bxc3 19. bxc3 Nxe5 20. Nxe5 Rec8
21. Rac1 Rab8 22. Qh5 Bb5 23. Bb1 Nc4 24. Ng4 Qg5 25. Qh3 Na3 26. Rcd1 Be2 27.
Bh7+ Kxh7 28. Rxe2 Qf5 29. f4 Nb5 30. Re5 Qc2 31. Ne3 Qxc3 32. Qh5 Rc7 33. f5
Nxd4 34. fxe6 fxe6 35. Rf1 Nf5 36. Rfxf5 exf5 37. Qxf5+ Kh8 38. Nxd5 Qd4+ 39.
Ne3 Rc1+ 40. Kf2 a4 41. Kg3 Rc3 42. Kf2 Qd2+ 43. Kf3 Qxa2 44. Re7 Rg8 45. Qe5
Qb3 46. Kg4 Qb4+ 47. Kh3 a3 48. Re6 Kh7 49. Qf5+ g6 50. Qf6 Rg7 51. g3 Qc5 52.
Qf4 a2 53. Ng4 Qh5+ 54. Kg2 Rc2+ 55. Re2 Rxe2+ 0-1

[Event "60. BEM 2006"]
[Site "Dortmund"]
[Date "2006.03.14"]
[Round "5.8"]
[White "Gielisch, Eckhart"]
[Black "Zeldin, Vitali"]
[Result "0-1"]
[WhiteElo "1807"]
[BlackElo "1886"]
[PlyCount "50"]
[EventDate "2006.??.??"]
[Source "SG Dortmund"]
[SourceDate "2004.12.16"]

1. d4 Nf6 2. c4 e6 3. g3 Bb4+ 4. Bd2 Be7 5. Bg2 O-O 6. Nf3 c5 7. O-O cxd4 8.
Nxd4 Nc6 9. e3 Qb6 10. Bc3 Rd8 11. Qe2 d5 12. Nd2 Bd7 13. N2b3 a5 14. Nxc6 bxc6
15. Rfd1 a4 16. Nd4 Bc5 17. Rab1 e5 18. Nf3 Bf5 19. Rbc1 d4 20. exd4 exd4 21.
Be1 Re8 22. Qd2 d3 23. Qg5 Be4 24. Bc3 Bxf2+ 25. Kf1 Be3 0-1

[Event "60. BEM 2006"]
[Site "Dortmund"]
[Date "2006.03.14"]
[Round "5.9"]
[White "Borjini, Mohamed"]
[Black "Werner, Patrick"]
[Result "1-0"]
[WhiteElo "1979"]
[BlackElo "1691"]
[PlyCount "73"]
[EventDate "2006.??.??"]
[Source "SG Dortmund"]
[SourceDate "2004.12.16"]

1. e4 c5 2. Nf3 d6 3. d4 cxd4 4. Nxd4 Nf6 5. Nc3 a6 6. Bg5 e6 7. Qd2 Be7 8.
O-O-O b5 9. a3 Qc7 10. f3 Nbd7 11. f4 Bb7 12. Bd3 Nb6 13. Rhe1 Nc4 14. Bxc4
bxc4 15. e5 dxe5 16. fxe5 Nd5 17. Bxe7 Nxe7 18. Ndb5 axb5 19. Nxb5 Qb6 20. Nd6+
Kf8 21. Nxb7 Nd5 22. Nd6 c3 23. bxc3 Rxa3 24. Qd4 Qc6 25. c4 Qa4 26. Qc5 Ne7
27. Nc8 Ra1+ 28. Kd2 Rxd1+ 29. Rxd1 Qd7+ 30. Nd6 Qc6 31. Qa5 Qxg2+ 32. Kc3 g6
33. Qd8+ Kg7 34. Qxe7 Rf8 35. Ne8+ Kg8 36. Rd8 Qf3+ 37. Kb2 1-0

[Event "60. BEM 2006"]
[Site "Dortmund"]
[Date "2006.03.14"]
[Round "5.10"]
[White "Benke, Werner"]
[Black "Mrozinski, Werner"]
[Result "0-1"]
[WhiteElo "1552"]
[BlackElo "1899"]
[PlyCount "104"]
[EventDate "2006.??.??"]
[Source "SG Dortmund"]
[SourceDate "2004.12.16"]

1. Nf3 d5 2. d4 c5 3. c3 cxd4 4. cxd4 Nc6 5. Bf4 Qb6 6. Qd2 Nf6 7. Nc3 Bf5 8.
e3 Ne4 9. Nxe4 dxe4 10. Ne5 e6 11. a3 Be7 12. Be2 Nxe5 13. Bxe5 f6 14. Bg3 e5
15. O-O exd4 16. Qxd4 Qxd4 17. exd4 Rd8 18. Rfd1 Be6 19. Bc7 Rc8 20. Ba5 Bd5
21. Rdc1 Kd7 22. Rc3 Rxc3 23. Bxc3 f5 24. f3 Bf6 25. Kf2 exf3 26. Bb5+ Bc6 27.
Bxc6+ Kxc6 28. Kxf3 Re8 29. d5+ Kxd5 30. Bxf6 gxf6 31. Rd1+ Kc6 32. Rc1+ Kb6
33. Rc4 Re7 34. h3 Kb5 35. Rd4 Kc5 36. Rf4 Kd5 37. Rxf5+ Kc4 38. Rf4+ Kb3 39.
Rb4+ Ka2 40. g4 b6 41. h4 Re1 42. Kf4 Rf1+ 43. Ke4 Rf2 44. Kd5 Rxb2 45. Ra4 a5
46. Rf4 Kxa3 47. Rxf6 b5 48. Rf7 h6 49. Rf6 Rg2 50. Kc5 b4 51. Rf4 b3 52. Kb5
b2 0-1

[Event "60. BEM 2006"]
[Site "Dortmund"]
[Date "2006.03.14"]
[Round "5.11"]
[White "Barskij, Aleksandr"]
[Black "Schultz, Bernfried"]
[Result "1-0"]
[WhiteElo "1891"]
[BlackElo "1716"]
[PlyCount "110"]
[EventDate "2006.??.??"]
[Source "SG Dortmund"]
[SourceDate "2004.12.16"]

1. e4 e5 2. Nf3 Nc6 3. Bb5 Nf6 4. O-O Nxe4 5. d4 Nd6 6. Bxc6 dxc6 7. dxe5 Nf5
8. Qxd8+ Kxd8 9. b3 Bd7 10. Bb2 Kc8 11. Nc3 h5 12. Ne4 Be7 13. Rad1 b6 14. Neg5
Rf8 15. Rfe1 c5 16. e6 fxe6 17. Nxe6 Bxe6 18. Rxe6 Bf6 19. Bxf6 Rxf6 20. Rxf6
gxf6 21. Rd5 Ng7 22. h4 a5 23. a4 Kb7 24. Rd7 Rg8 25. Rf7 Ne8 26. Kf1 Kc6 27.
Rh7 Ng7 28. Rh6 Rf8 29. Rg6 Ne8 30. Ke2 Kd6 31. Kd3 Ke6 32. Nd2 Kf5 33. Rg3 Nd6
34. Nc4 Ne8 35. Ne3+ Ke5 36. Rf3 Ng7 37. Nc4+ Kd5 38. g3 Rf7 39. Ne3+ Ke5 40.
Nc4+ Kd5 41. Rf4 f5 42. Rf3 Re7 43. Re3 Rxe3+ 44. Kxe3 Ne6 45. c3 Kc6 46. Nd2
Kd5 47. Kd3 Ng7 48. Nf3 Ne6 49. Ng5 Ng7 50. c4+ Ke5 51. Ke3 Ne8 52. Nf3+ Kf6
53. Kf4 Nd6 54. Ne5 Ne4 55. Nd7+ Ke6 {Weiss gewann im Blitzfinish} 1-0

[Event "60. BEM 2006"]
[Site "Dortmund"]
[Date "2006.03.14"]
[Round "5.12"]
[White "Hartung, Thomas"]
[Black "Ziemek, Gerhard"]
[Result "1-0"]
[WhiteElo "1866"]
[BlackElo "1591"]
[PlyCount "45"]
[EventDate "2006.??.??"]
[Source "SG Dortmund"]
[SourceDate "2004.12.16"]

1. e4 c5 2. Nf3 Nc6 3. d4 cxd4 4. Nxd4 e6 5. Be3 Nf6 6. Bd3 Nb4 7. O-O a6 8.
Nc3 Nxd3 9. cxd3 Be7 10. e5 Ng8 11. Qg4 g6 12. Rfe1 d6 13. f4 Nh6 14. Qh3 Bf8
15. Ne4 Ng8 16. Rac1 d5 17. Ng5 h6 18. Rc2 Bd7 19. f5 exf5 20. Nxf7 Kxf7 21.
e6+ Kg7 22. exd7 Qxd7 23. Rc7 1-0

[Event "60. BEM 2006"]
[Site "Dortmund"]
[Date "2006.03.14"]
[Round "5.13"]
[White "Gorzinski, Dariusz"]
[Black "Duschek, Günter"]
[Result "1/2-1/2"]
[WhiteElo "1830"]
[BlackElo "1674"]
[PlyCount "110"]
[EventDate "2006.??.??"]
[Source "SG Dortmund"]
[SourceDate "2004.12.16"]

1. c4 e5 2. g3 f5 3. Bg2 Nf6 4. d3 Be7 5. Nc3 O-O 6. e3 c6 7. Qb3 Kh8 8. Nge2
a5 9. Bd2 d6 10. O-O Nbd7 11. d4 h6 12. Qc2 Nb6 13. Na4 Nxa4 14. Qxa4 Be6 15.
Rfd1 Qc7 16. Rac1 Bf7 17. dxe5 dxe5 18. Qc2 Bh5 19. Be1 Bb4 20. a3 Bxe1 21.
Rxe1 Bxe2 22. Rxe2 f4 23. exf4 exf4 24. Rce1 Rae8 25. Rxe8 Rxe8 26. Rxe8+ Nxe8
27. Qf5 Nf6 28. gxf4 Qd8 29. Bf3 Qc7 30. b4 axb4 31. axb4 Qf7 32. Be2 g6 33.
Qe5 Kg7 34. h3 Qf8 35. c5 Qe8 36. Qc7+ Qf7 37. Qe5 Qe8 38. Qxe8 Nxe8 39. b5
cxb5 40. Bf3 Nc7 41. Bxb7 Kf6 42. Be4 Na6 43. c6 Nc7 44. Kg2 b4 45. Kf3 b3 46.
Ke3 Ne6 47. Kd2 Ke7 48. Bxg6 Nxf4 49. Bf5 Kd6 50. Bd7 Nd5 51. Kc1 Nb4 52. Kb2
Nd3+ 53. Kxb3 Nxf2 54. Kb4 Nd3+ 55. Kb5 Ne5 1/2-1/2

[Event "60. BEM 2006"]
[Site "Dortmund"]
[Date "2006.03.14"]
[Round "5.15"]
[White "Klein, Hans-Joachim"]
[Black "Vojdani, Bahram"]
[Result "0-1"]
[WhiteElo "1781"]
[BlackElo "1657"]
[PlyCount "124"]
[EventDate "2006.??.??"]
[Source "SG Dortmund"]
[SourceDate "2004.12.16"]

1. d4 Nf6 2. a3 e6 3. c4 d5 4. c5 c6 5. Bf4 b6 6. b4 a5 7. Nc3 b5 8. e3 a4 9.
Bxb5 cxb5 10. Nxb5 Na6 11. Nf3 Ne4 12. Ne5 f6 13. Qh5+ g6 14. Nxg6 hxg6 15.
Qxh8 Qe7 16. f3 Bd7 17. Nd6+ Nxd6 18. Bxd6 Qg7 19. Qxf8+ Qxf8 20. Bxf8 Kxf8 21.
e4 Bb5 22. exd5 exd5 23. Kd2 Re8 24. Rhe1 Rxe1 25. Rxe1 Kf7 26. f4 Nc7 27. g4
Bd7 28. h3 Nb5 29. Re3 Nxd4 30. Rd3 Nb3+ 31. Kc2 d4 32. Rxb3 axb3+ 33. Kxb3 d3
34. Kc3 Bb5 35. a4 Bxa4 36. Kxd3 Bb5+ 37. Kd4 Ke6 38. h4 f5 39. g5 Be2 40. c6
Kd6 41. c7 Kxc7 42. Ke5 Kc6 43. Kf6 Bh5 44. Ke5 Kb5 45. Kd4 Kxb4 46. Kd3 Kc5
47. Kc3 Kd5 48. Kd3 Bg4 49. Ke3 Kc4 50. Kf2 Kd4 51. Kg2 Ke4 52. Kg3 Ke3 53. Kh2
Kxf4 54. Kg2 Ke3 55. Kg3 Bh5 56. Kg2 f4 57. Kh2 f3 58. Kg3 Ke2 59. Kh2 f2 60.
Kg3 f1=Q 61. Kh2 Qf2+ 62. Kh3 Bf3 0-1

[Event "60. BEM 2006"]
[Site "Dortmund"]
[Date "2006.03.14"]
[Round "5.16"]
[White "Skoecz, Horst"]
[Black "Grewe, Markus"]
[Result "0-1"]
[WhiteElo "1456"]
[BlackElo "1751"]
[PlyCount "114"]
[EventDate "2006.??.??"]
[Source "SG Dortmund"]
[SourceDate "2004.12.16"]

1. e4 c5 2. Qe2 g6 3. Nc3 Nc6 4. Nf3 Bg7 5. Qb5 b6 6. Qa4 e6 7. Bb5 Bb7 8. O-O
a6 9. Bxc6 Bxc6 10. Qc4 Ne7 11. d4 d5 12. exd5 exd5 13. Qe2 O-O 14. Ne5 cxd4
15. Nxc6 Nxc6 16. Nd1 Re8 17. Qd3 Qh4 18. Qg3 Qh5 19. f3 Re2 20. Qg4 Qxg4 21.
fxg4 Rxc2 22. Bg5 Re8 23. Rf2 Re1+ 24. Rf1 Ree2 25. Rf2 Rxf2 26. Nxf2 f6 27.
Bh4 Ne5 28. g5 fxg5 29. Bxg5 d3 30. Bf4 d2 31. Rd1 b5 32. Bxd2 Rxb2 33. Bc3
Rxa2 34. Bxe5 Bxe5 35. Ng4 Ra1 36. Rxa1 Bxa1 37. Kf1 b4 38. Ne3 d4 39. Nc4 b3
40. Nd2 Bc3 41. Nxb3 a5 42. Ke2 a4 43. Nc1 Kf7 44. Na2 Bb2 45. Kd3 Kf6 46. Ke4
Ke6 47. h3 Kd6 48. Nb4 a3 49. Na2 Kc5 50. Kd3 h6 51. g3 g5 52. h4 gxh4 53. gxh4
h5 54. Kc2 Kc4 55. Nc1 Bxc1 56. Kxc1 a2 57. Kb2 d3 0-1

[Event "60. BEM 2006"]
[Site "Dortmund"]
[Date "2006.03.14"]
[Round "5.17"]
[White "Kolodziej, Dennis"]
[Black "Noori, Mir Ahmad"]
[Result "1-0"]
[WhiteElo "1727"]
[BlackElo "1639"]
[PlyCount "113"]
[EventDate "2006.??.??"]
[Source "SG Dortmund"]
[SourceDate "2004.12.16"]

1. Nf3 e6 2. d4 g6 3. c4 Bg7 4. Nc3 d6 5. e4 a6 6. Bd3 Nd7 7. Bg5 Ne7 8. O-O
O-O 9. Qd2 Rb8 10. b4 b6 11. a4 Qe8 12. Rab1 Bb7 13. d5 e5 14. Bc2 Nf6 15. h3
Qd7 16. Qe3 Bc8 17. c5 Ne8 18. c6 Qd8 19. a5 f6 20. axb6 fxg5 21. b7 Bxb7 22.
cxb7 Rxb7 23. Nxg5 Qc8 24. Ne6 Rf7 25. Bd3 Rb8 26. Rfc1 Qb7 27. Qe2 Ra8 28. Rc2
Qa7 29. Ra2 Qb6 30. b5 a5 31. Na4 Qa7 32. b6 cxb6 33. Rxb6 Nc8 34. Ra6 Qb7 35.
Nd8 Qb8 36. Rxa8 Qxa8 37. Nxf7 Kxf7 38. Bb5 Nf6 39. Bc6 Qa7 40. Qd3 Ne7 41. Rb2
Qc7 42. Rb7 Qd8 43. Qb5 Nxe4 44. Rd7 Qf8 45. Qxa5 Bf6 46. Qe1 Ng5 47. h4 Nf3+
48. gxf3 Bxh4 49. Qe4 Bf6 50. Qg4 Qh6 51. Qe6+ Kf8 52. Nb6 Qc1+ 53. Kg2 Qg5+
54. Qg4 Qd2 55. Rxd6 Kg7 56. Rxf6 Nf5 57. Rxf5 1-0

[Event "60. BEM 2006"]
[Site "Dortmund"]
[Date "2006.03.14"]
[Round "5.18"]
[White "Jentzsch, Werner Wilfried"]
[Black "Volmer, Martin"]
[Result "0-1"]
[WhiteElo "1429"]
[BlackElo "1704"]
[PlyCount "84"]
[EventDate "2006.??.??"]
[Source "SG Dortmund"]
[SourceDate "2004.12.16"]

1. d4 d5 2. Nf3 Nf6 3. Nc3 e6 4. Bf4 c5 5. e3 a6 6. Be2 Nc6 7. O-O Be7 8. Ne5
O-O 9. Nxc6 bxc6 10. Na4 cxd4 11. Qxd4 Nd7 12. Rab1 c5 13. Qd2 Nf6 14. f3 Bd7
15. Nc3 Nh5 16. e4 Nxf4 17. Qxf4 d4 18. Nd1 Bb5 19. Qd2 Bxe2 20. Qxe2 e5 21.
Qc4 Qc7 22. Nf2 Kh8 23. Nd3 a5 24. b4 axb4 25. Nxb4 Ra4 26. Nd5 Rxc4 27. Nxc7
Rxc2 28. Nd5 Bg5 29. a4 d3 30. f4 Bxf4 31. Nxf4 exf4 32. Rxf4 d2 33. Rd1 c4 34.
e5 Kg8 35. Rd4 c3 36. Kf1 Rc8 37. a5 Rc1 38. Ke2 Rxd1 39. Kxd1 c2+ 40. Kxd2
c1=Q+ 41. Kd3 Qc3+ 42. Ke4 Rc4 0-1

[Event "60. BEM 2006"]
[Site "Dortmund"]
[Date "2006.03.14"]
[Round "5.19"]
[White "Rölz, Marcus"]
[Black "Schröder, Marcel"]
[Result "1-0"]
[WhiteElo "1674"]
[BlackElo "1452"]
[PlyCount "65"]
[EventDate "2006.??.??"]
[Source "SG Dortmund"]
[SourceDate "2004.12.16"]

1. e4 e5 2. Nf3 Nc6 3. Bc4 Bc5 4. d3 d6 5. Ng5 Be6 6. Bxe6 fxe6 7. Nxe6 Bxf2+
8. Kxf2 Qf6+ 9. Qf3 Qxe6 10. c3 Nf6 11. Rf1 Ng4+ 12. Kg1 O-O-O 13. Bg5 Rdf8 14.
Qxf8+ Rxf8 15. Rxf8+ Kd7 16. Nd2 Qg6 17. Nf3 h6 18. Bh4 Nf6 19. Rf1 Ke7 20. Rg8
Qf7 21. Bxf6+ gxf6 22. Rh8 Qg7 23. Nh4 Kd7 24. Ra8 a6 25. Nf5 Qg5 26. Rf8 Ne7
27. Rf7 Qd2 28. Nxe7 Qe3+ 29. Kh1 Qxd3 30. Nd5+ Kd8 31. R7xf6 Qxe4 32. Rf8+ Kd7
33. Nf6+ 1-0

[Event "60. BEM 2006"]
[Site "Dortmund"]
[Date "2006.03.14"]
[Round "5.20"]
[White "Rutmann, Ulrich"]
[Black "Sennholz, Michael"]
[Result "1-0"]
[WhiteElo "1393"]
[BlackElo "1674"]
[PlyCount "135"]
[EventDate "2006.??.??"]
[Source "SG Dortmund"]
[SourceDate "2004.12.16"]

1. e4 e5 2. Nf3 Nf6 3. Nc3 Nc6 4. Bb5 Nd4 5. O-O c6 6. Be2 Qc7 7. d3 d5 8. exd5
cxd5 9. Bg5 Be6 10. Nxd4 exd4 11. Nb5 Qb6 12. a4 a6 13. Na3 Qxb2 14. Qc1 Qxc1
15. Rfxc1 Be7 16. Nb1 O-O 17. Nd2 Rac8 18. Nf3 h6 19. Bf4 Nd7 20. Nxd4 Bf6 21.
Be3 Rfe8 22. Bf3 Ne5 23. Rab1 Re7 24. Bd1 Rec7 25. Bf4 Nxd3 26. Nxe6 Nxf4 27.
Nxf4 Bg5 28. g3 Rc4 29. Rxb7 d4 30. Rcb1 Rxa4 31. Nd3 Rc6 32. Ne5 Re6 33. f4
Bf6 34. c3 Ra3 35. Bc2 g6 36. Rxf7 Bxe5 37. Rd7 Bd6 38. Bb3 Rxb3 39. Rxb3 d3
40. Kf1 d2 41. Rb1 g5 42. f5 Rf6 43. Ke2 Be5 44. Kxd2 Rxf5 45. h3 Bxg3 46. Rd8+
Kg7 47. Rb7+ Kg6 48. Rb6+ Kg7 49. Rxa6 Rf7 50. Ra4 Be5 51. c4 Rf3 52. Rc8 Rxh3
53. c5 Rf3 54. c6 h5 55. c7 Rc3 56. Ra7 g4 57. Re8 Rxc7 58. Rxc7+ Bxc7 59. Re7+
Kf6 60. Rxc7 g3 61. Ke2 Kg5 62. Kf3 Kh4 63. Rg7 Kh3 64. Rxg3+ Kh2 65. Kf2 h4
66. Rg2+ Kh1 67. Rg4 h3 68. Rg1+ 1-0

[Event "60. BEM 2006"]
[Site "Dortmund"]
[Date "2006.03.14"]
[Round "5.21"]
[White "Fahle, Karl-Wilhelm"]
[Black "Ewers, Christian"]
[Result "0-1"]
[WhiteElo "1185"]
[BlackElo "1662"]
[PlyCount "72"]
[EventDate "2006.??.??"]
[Source "SG Dortmund"]
[SourceDate "2004.12.16"]

1. e4 e5 2. f4 exf4 3. Nf3 Ne7 4. Nc3 Ng6 5. Bc4 Bc5 6. d4 Bb4 7. O-O Bxc3 8.
bxc3 O-O 9. Ba3 Re8 10. Nd2 Nc6 11. Rf3 d6 12. h3 Qg5 13. Qf1 Nce7 14. Rf2 Be6
15. Nf3 Qg3 16. Bxe6 fxe6 17. e5 d5 18. c4 c6 19. Rb1 b6 20. c5 b5 21. Bc1 Nf5
22. Qd3 Rf8 23. Bd2 Rf7 24. Rbf1 Raf8 25. Qa3 Nxd4 26. c3 Nc2 27. Qc1 Ne3 28.
Bxe3 fxe3 29. Qxe3 Nf4 30. Nd4 Nxh3+ 31. Kh1 Nxf2+ 32. Rxf2 Qxe3 33. Rxf7 Rxf7
34. Nxc6 Rf1+ 35. Kh2 Qf4+ 36. g3 Qh6+ 0-1